000 00659nam a2200241Ia 4500
003 OSt
005 20221005083509.0
006 a|||||r|||| 00| 0
007 ta
008 221004b |||||||| |||| 00| 0 eng d
024 _a122292
037 _bGift, 27/10/2012,
_cTextual
040 _aCRL
_cCRL
_beng
041 _2eng
_aeng
082 _aV2y787, M8
100 _aPant Govind Ballabh
245 0 _aChallenging times
260 _aNew Delhi
_bVikas Publishing House India
_c1988
300 _a420p.
_ccm.
650 _aHISTORY
942 _hV2y787, M8
_cTEXL
_2cc
999 _c991095
_d991095